| 000 | 00000nas 2200000za 4500 |
| 001 | 9.507740 |
| 003 | CaOODSP |
| 005 | 20221107133822 |
| 007 | cr ||||||||||| |
| 008 | 150406d19972000nscuu m o||||f0 |0eng|d |
| 040 | |aCaOODSP|beng |
| 041 | |aeng|afre |
| 043 | |an-cnm--|an-cn-nf|an-cn-qu |
| 086 | 1 |aFs70-1E-PDF |
| 086 | 1 |aFs70-1-PDF |
| 245 | 00|aCanadian Stock Assessment Secretariat research document |h[electronic resource] = |bSecrétariat canadien pour l'évaluation des stocks, document de recherche. |
| 246 | 11|aSecrétariat canadien pour l'évaluation des stocks, document de recherche |
| 260 | |aHalifax, N.S. : |bThe Secreatariat, |c[1997]-2000. |
| 310 | |aIrregular |
| 362 | 1 |a1997/001-2000/? |
| 500 | |aPlace of publication varies. |
| 546 | |aText in English or French, summaries in both languages. |
| 710 | 1 |aCanada. |bDepartment of Fisheries and Oceans. |
| 785 | 00|tCanadian Science Advisory Secretariat research document |w(CaOODSP)9.500505 |
| 792 | |tSecrétariat canadien pour l'évaluation des stocks, document de recherche |efre|w(CaOODSP)9.808535 |